000 00426cam a2200169ua 4500
041 _aeng
_h
082 _a540
_bHUT/CH
100 _aHutton, Kenneth .
245 _aChemistry for general science /
_cKenneth Hutton.
_hTextual Documents
250 _a1 /
_b.
260 _aLondon :
_bLongman Green and Co ,
_c1967.
300 _a288 ; .
504 _a
700 1 _aSwallow, Arthur .
942 _cBK
999 _c8831
_d8831